International trade policy (Record no. 695043)

MARC details
000 -LEADER
fixed length control field 00731nam a2200241Ia 4500
003 - CONTROL NUMBER IDENTIFIER
control field OSt
005 - DATE AND TIME OF LATEST TRANSACTION
control field 20220927105855.0
008 - FIXED-LENGTH DATA ELEMENTS--GENERAL INFORMATION
fixed length control field 220926b |||||||| |||| 00| 0 eng d
037 ## - SOURCE OF ACQUISITION
Terms of availability Reference Collections
040 ## - CATALOGING SOURCE
Original cataloging agency RTL
Transcribing agency RTL
Language of cataloging eng
041 ## - LANGUAGE CODE
Source of code eng
Language code of text/sound track or separate title eng
110 ## - MAIN ENTRY--CORPORATE NAME
Corporate name or jurisdiction name as entry element federation of British Industries. International Trade Policy Committee
9 (RLIN) 375511
245 #0 - TITLE STATEMENT
Title International trade policy
Remainder of title A report
260 ## - PUBLICATION, DISTRIBUTION, ETC.
Date of publication, distribution, etc. 1944
650 ## - SUBJECT ADDED ENTRY--TOPICAL TERM
Topical term or geographic name entry element Trade
700 ## - ADDED ENTRY--PERSONAL NAME
Personal name federation of British Industries. International Trade Policy Committee
9 (RLIN) 375512
942 ## - ADDED ENTRY ELEMENTS (KOHA)
Classification part "X:54:3:N4, H4"
Koha item type

No items available.

Copyright @ Delhi University Library System